Entry Nombre personal
001 - NÚMERO DE CONTROL
- campo de control: 47260
003 - IDENTIFICADOR DE NÚMERO DE CONTROL
- campo de control: SpMaBN
005 - FECHA Y HORA DE LA ÚLTIMA TRANSACCIÓN
- campo de control: 20250731005911.0
008 - ELEMENTOS DE DATO DE LONGITUD-FIJA
- campo de control de longitud fija: 921016nn aijnnaabn a aaa
016 ## - NÚMERO DE CONTROL DE UNA AGENCIA BIBLIOGRÁFICA NACIONAL
- Número de control del registro: BNE19931337925
024 7# - IDENTIFICADOR DE OTROS ESTÁNDARES
- Número estándar o código: http://viaf.org/viaf/28701558/
- Fuente: viaf
024 7# - IDENTIFICADOR DE OTROS ESTÁNDARES
- Número estándar o código: https://isni.org/isni/000000008367633X
- Fuente: isni
040 ## - FUENTE DE CATALOGACIÓN
- Centro catalogador/agencia de origen: SpMaBN
- Lengua de catalogación: spa
- Centro/agencia transcriptor: SpMaBN
- Normas de descripción: rdc
- Convención/Normas de encabezamiento de materia/tesauro: embne
100 1# - ENCABEZAMIENTO-NOMBRE DE PERSONA
- Nombre de persona: Enrich Marcet, Silvia
375 ## - GÉNERO/SEXO
- Género: Femenino
400 1# - TRAZADO DE VÉASE--NOMBRE DE PERSONA
- Nombre de persona: Enrich, Silvia
670 ## - FUENTE DE DATOS ENCONTRADOS
- Cita de la fuente: Las tentativas de restauración monárquicas portuguesas en relación con España, 2004
- Información encontrada: port. (Silvia Enrich Marcet)
670 ## - FUENTE DE DATOS ENCONTRADOS
- Cita de la fuente: Historia diplomática entre España e Iberoamérica en el contexto de las relaciones internacionales (1955-1985), 1989
- Información encontrada: port. (Silvia Enrich)
